000 01821cam a2200421 a 4500
001 4416
005 20250801143130.0
020 _a9780545344616
040 _aNLC
_beng
_cNLC
_dBAKER
_dBTCTA
_dHSA
_dIHE
_dEHH
_dYDXCP
_dUPZ
_dVP@
_dXY4
_dTXA
_dCUY
_dJBO
_dMNF
_dCQU
_dAU@
_dBDX
_dCNAHP
_dP4I
_dCNNWL
_dOCLCF
_dDML
_dP@N
_dCD5
_dCHILD
_dCSJ
_dGRC
_dNLC
_dPX9
_dKL6
_dMHW
_dKJ6
_dVTU
_dILM
_dSEO
_dTXJAS
_dOCLCQ
_dTCJ
_dLKC
_dOCLCQ
_dUTP
_dTXSCH
_dOCLCO
_dDLC
050 0 0 _aPZ7.W33225
_b2007
082 0 0 _a813.6
100 1 _aWatt, Mélanie
_d1975-
_eauthor
245 1 0 _aChester /
_cwritten and illustrated by Mélanie Watt
250 _aFirst Scholastic priniting , February 2011
260 _aNew York :
_bScholastic ;
_c2007 .
300 _a24 unnumbered pages :
_bcolor illustrations ;
_c26 cm .
505 _aJ
520 _aAs the author/illustrator attempts to create a picture book about a mouse in a house, her rotund feline Chester sends the mouse packing and attempts to rewrite the story with his handy red marker.
521 _a480
_bLexile
521 _aJ
_bRaz-Plus
650 0 _aCats
_vJuvenile fiction.
650 0 _aStorytelling
_vJuvenile fiction.
650 1 _aCats
_vFiction.
650 1 _aAnimals
_vFiction.
650 1 _aStorytelling
_vFiction.
650 7 _aCats.
_2fast
_0(OCoLC)fst00849374
650 7 _aPicture books for children.
_2fast
_0(OCoLC)fst01063717
650 7 _aStorytelling.
_2fast
_0(OCoLC)fst01134169
650 7 _aCats
_vFiction.
_2sears
650 7 _aMice
_vFiction.
_2sears
655 7 _aAnimal fiction.
_2lcgft
655 7 _aPicture books.
_2lcgft
655 7 _aPicture books.
_2fast
_0(OCoLC)fst01726789
655 7 _aFiction.
_2fast
_0(OCoLC)fst01423787
655 7 _aJuvenile works.
_2fast
_0(OCoLC)fst01411637
906 _a7
_bcbc
_ccopycat
_d2
_encip
_f20
_gy-gencatlg
942 _2ddc
_cBK
_n0
999 _c4416
_d4416